jutsu in naruto - Statistics

General Stats
  • This quiz has been taken 175 times
  • The average score is 4 of 6
Answer Stats
Hint Answer % Correct
Kakashi had made this by a failed lightning addition to a rasengan . Because of this a strong current of electricity had been made with a bird sqeaul chidori
99%
A ball of chakra . rasengan
95%
a state that allows a user to blend their chakra with natural chakra . sage
56%
this is quiz 1 by catchi
51%
a dojutsu that cast genjutsu on a target . It can only be used every ten years. kotoamatsukami
41%
The user can create multiple real images of themselves . This jutsu is good for ambushing .( add technique) shadow clone technique
17%
No matching quizzes found
Score Distribution
Percent of People with Each Score
Percentile by Number Answered
Your Score History
You have not taken this quiz